00621nam a2200133Ia 4500008004100000100002500041245012100066245015000187260005300337260000900390300001200399650001500411856006100426170221s9999 xx 000 0 und d aEvgeny A. Tikhomirov aPublic-Private Partnership: The Model of Interaction of Regional Socio-Economic Systems in the Trans-Regional Space  cEvgeny A. Tikhomirov, Maxsim A. Bykovskiy, Natalia Y. Veselova, Irina V. Mkrtumova, Ivan V. Malofeev, Sergey V. Ryazantsev, Artem S. Luk’yanets bInternational Review of Management and Marketing c2016 a15 : 10 xMarketing. uhttp://www.econjournals.com/index.php/irmm/issue/view/70